000 00816nab a22002417a 4500
001 22423
003 HDC
007 cr bn ---aaaaa
008 210128c20180307my ||||| |||| 00| 0 may d
040 _aHDC
100 _aAhmad Fauzan Abdul Kadir,
_eauthor
_919405
245 0 _aTerengganu 'molek doh' - Lembaran baharu Chicken Cottage, T-Kitchen /
_cAhmad Fauzan Abdul Kadir
336 _atext
_2rdacontent
337 _acomputer
_2rdamedia
338 _aonline resource
_2rdacarrier
650 _aEntrepreneur
_91863
650 _aRestaurant
_99782
710 _aBerita Harian
856 _zRequest full-text at [email protected]
942 _2lcc
942 _cNEWS
942 _kNWSC 006571
999 _c19739
_d19739